| 000 | 00649nam a22002297a 4500 | ||
|---|---|---|---|
| 003 | OSt | ||
| 005 | 20210426105322.0 | ||
| 008 | 210127s2002 ||||| |||| 00| 0 eng d | ||
| 020 | _a0972541918 | ||
| 040 |
_aeng _beng _cDLC |
||
| 041 | _aeng | ||
| 080 |
_a821.111 _bG-40 |
||
| 100 |
_9689 _aGershon, Charles |
||
| 245 |
_aThe Hydrangea People _b: A Novel _c/ by: Mose Cade Books |
||
| 250 | _a1st edition | ||
| 260 |
_aAsheville, North Carolina _bMose Cade Books _c2002 |
||
| 300 | _a221 p. | ||
| 365 | _b22.95 usd | ||
| 650 | 0 |
_9247 _aEnglish literature |
|
| 653 | _aინგლისური ლიტერატურა | ||
| 942 |
_2udc _cBK _e1 |
||
| 999 |
_c940 _d940 |
||